000 00516nam a2200193 i 4500
001 70676
003 ES-MaACL
007 t|
008 040729s1965 mx ||||1| spa d
100 1 _aGaribay, Ricardo.
_955549
245 1 0 _aBeber un cáliz /
_cRicardo Garibay.
250 _a[1ª ed.].
260 _a[México :
_bJoaquín Mortiz,
_c1965]
300 _a182 p. ;
_c18 cm.
490 1 _aSerie del volador
830 0 _aSerie del volador
_9181075
852 _aES-MaACL
_jE-9623
_bR.93898
999 _c70676
_d70676